Využitie IKT v edukácii odborných technických predmetov na SOŠ

Na minha lista:
Detalhes bibliográficos
Autor principal: Šebej, Peter, 1980- (Author)
Outros Autores: Reháková, Anna, 1954- (Thesis advisor)
Formato: Manuscrito Livro
Idioma:eslovaco
Publicado em: STU v Bratislave MTF UIPH, 2010
Acesso em linha:VAIS
Tags: Adicionar Tag
Sem tags, seja o primeiro a adicionar uma tag!

MARC

LEADER 00000ntm a22000003a 4500
001 stu208054
005 20160719160237.7
008 100722s2010------------------------slo-d
040 |a STU  |b slo 
041 0 |a slo 
100 1 |a Šebej, Peter,  |d 1980-  |4 aut  |X 57598  |7 A000057598 
242 0 0 |a Use of ICT in education in vocational technical courses at professional schools   |y eng 
245 1 |a Využitie IKT v edukácii odborných technických predmetov na SOŠ 
260 |b STU v Bratislave MTF UIPH,  |c 2010 
700 1 |a Reháková, Anna,  |d 1954-  |4 ths  |u M330  |U MTF Ústav inžinierskej pedagogiky a humatitných vied  |T MTF Katedra odbornej jazykovej prípravy  |X 280  |U M330  |Y M330  |7 A000000280 
856 4 |a info a plný text  |u http://is.stuba.sk/zp/portal_zp.pl?podrobnosti=58870  |3 VAIS 
996 |c M*DP-9544  |l MMSKP  |s P  |a 0  |w stu208054_0001